[Event "4NCL 2021-22"]
[Site "England"]
[Date "2022.02.13"]
[Round "4.16"]
[White "Ratnesan, Radha"]
[Black "Kalaiyalahan, Akshaya"]
[Result "0-1"]
[WhiteElo "1623"]
[BlackElo "2208"]
[Annotator "ChessBase"]
[PlyCount "102"]
[EventDate "2021.11.27"]
[EventType "team-tourn"]
[EventCountry "ENG"]
[SourceTitle "playchess.com"]
[Source "ChessBase"]
[SourceQuality "1"]
[TimeControl "40/6000+30:3000+30"]

1. d4 {[%emt 0:00:03]} d5 {[%emt 0:00:06]} 2. Nf3 {[%emt 0:00:05]} Nf6 {[%emt 0:00:07]} 3. Bf4 {[%emt 0:00:17]} c5 {[%emt 0:00:20]} 4. e3 {[%emt 0:00:18]} Nc6 {[%emt 0:00:44]} 5. c3 {[%emt 0:01:11]} e6 {[%emt 0:01:07]} 6. Bd3 {[%emt 0:01:15]} Bd6 {[%emt 0:00:29]} 7. Bg3 {[%emt 0:01:07]} O-O {[%emt 0:01:51]} 8. Nbd2 {[%emt 0:02:35]} a6 {[%emt 0:07:17]} 9. a4 {[%emt 0:04:55]} Re8 {[%emt 0:02:25]} 10. O-O {[%emt 0:03:41]} Bxg3 {[%emt 0:10:28]} 11. hxg3 {[%emt 0:00:12]} b6 {[%emt 0:00:12]} 12. Re1 {[%emt 0:25:55]} Bb7 {[%emt 0:00:49]} 13. Ne5 {[%emt 0:05:51]} Nxe5 {[%emt 0:10:18]} 14. dxe5 {[%emt 0:00:03]} Nd7 {[%emt 0:01:58]} 15. f4 {[%emt 0:05:53]} Nf8 {[%emt 0:05:25]} 16. Nf3 {[%emt 0:05:32]} Qd7 {[%emt 0:08:59]} 17. Bc2 {[%emt 0:08:29]} Red8 {[%emt 0:02:05]} 18. e4 {[%emt 0:09:53]} dxe4 {[%emt 0:10:16]} 19. Qxd7 {[%emt 0:00:55]} Rxd7 {[%emt 0:00:05]} 20. Bxe4 {[%emt 0:00:30]} Bxe4 {[%emt 0:00:05]} 21. Rxe4 {[%emt 0:00:20]} h6 {[%emt 0:00:19]} 22. Re2 {[%emt 0:01:42]} Rad8 {[%emt 0:00:05]} 23. Kf2 {[%emt 0:01:58]} Ng6 {[%emt 0:00:45]} 24. Ke1 {[%emt 0:05:30]} Ne7 {[%emt 0:00:19]} 25. Nd2 {[%emt 0:02:29]} Nf5 {[%emt 0:05:04]} 26. Ne4 {[%emt 0:00:56]} a5 {[%emt 0:08:11]} 27. Rb1 {[%emt 0:05:40]} h5 {[%emt 0:01:56]} 28. Kf2 {[%emt 0:02:07]} Kh7 {[%emt 0:01:35]} 29. Rh1 {[%emt 0:01:16]} Kg6 {[%emt 0:00:04]} 30. Ng5 {[%emt 0:03:23]} Nh6 {[%emt 0:03:04]} 31. Rc1 {[%emt 0:02:34]} Rd1 {[%emt 0:08:36]} 32. Rxd1 {[%emt 0:02:17]} Rxd1 {[%emt 0:00:05]} 33. Rc2 {[%emt 0:02:17]} Ra1 {[%emt 0:11:12]} 34. Ne4 {[%emt 0:01:34]} Rxa4 {[%emt 0:00:13]} 35. Nd6 {[%emt 0:00:24]} Ra2 {[%emt 0:02:25]} 36. Ke2 {[%emt 0:01:22]} Nf5 {[%emt 0:02:05]} 37. Kf2 {[%emt 0:01:42]} a4 {[%emt 0:00:55]} 38. Nb5 {[%emt 0:00:24]} Ne7 {[%emt 0:02:52]} 39. Kf3 {[%emt 0:01:26]} Nd5 {[%emt 0:00:49]} 40. Ke4 {[%emt 0:01:20]} Ra1 {[%emt 0:02:51]} 41. Re2 {[%emt 0:06:42]} Rd1 {[%emt 0:05:52]} 42. c4 {[%emt 0:10:57]} Ne7 {[%emt 0:03:10]} 43. Nd6 {[%emt 0:06:11]} Rd4+ {[%emt 0:00:18]} 44. Kf3 {[%emt 0:00:34]} Nf5 {[%emt 0:01:13]} 45. Nc8 {[%emt 0:01:32]} Rxc4 {[%emt 0:00:35]} 46. Kf2 {[%emt 0:01:14]} Rb4 {[%emt 0:01:25]} 47. Rd2 {[%emt 0:00:18]} Rb3 {[%emt 0:01:01]} 48. Nd6 {[%emt 0:00:29]} Nxg3 {[%emt 0:00:36]} 49. Rc2 {[%emt 0:01:52]} h4 {[%emt 0:02:12]} 50. Rd2 {[%emt 0:01:49]} Nh5 {[%emt 0:02:00]} 51. f5+ {[%emt 0:03:04]} exf5 {[%emt 0:00:13]} 0-1

[Event "4NCL 2021-22"]
[Site "England"]
[Date "2022.02.13"]
[Round "4.17"]
[White "Blackburn, Jonathan L B"]
[Black "Jones, Gawain C B"]
[Result "0-1"]
[WhiteElo "2227"]
[BlackElo "2671"]
[Annotator "TA"]
[PlyCount "64"]
[EventDate "2021.11.27"]
[EventType "team-tourn"]
[EventCountry "ENG"]
[SourceTitle "playchess.com"]
[Source "ChessBase"]
[SourceQuality "1"]

{[%evp 16,64,37,21,9,8,4,-14,-12,-14,0,-16,-20,-18,-16,-35,-21,-31,-25,-59,-55,-73,-61,-174,-97,-163,-168,-190,-198,-218,-174,-306,-298,-333,-323,-330,-326,-524,-484,-524,-505,-552,-529,-1029,-964,-899,-893,-884,-882,-811,-793]} 1. d4 Nf6 2. c4 g6 3. Nc3 Bg7 4. e4 d6 5. Nf3 O-O 6. h3 e5 7. d5 a5 8. Be3 Na6 9. g4 Nd7 {E90: King's Indian: Classical: Early deviations and 6 h3.} 10. Rg1 Ndc5 11. a3 {[%cal Ob2b4]} Bd7 {The position is equal.} 12. Nd2 Kh8 13. g5 f5 14. f3 c6 15. h4 {[#]} cxd5 $146 ({Predecessor:} 15... h5 16. b3 cxd5 17. cxd5 b5 18. exf5 Bxf5 19. Bxb5 e4 20. Ndxe4 Bxe4 21. Nxe4 Qe7 {1-0 (46) Pashikian,A (2618)-Braun,C (2372) Plovdiv 2012}) 16. cxd5 b5 17. h5 ({Don't play} 17. Nxb5 fxe4 18. Nxe4 (18. Nxd6 Ba4 $17) 18... Nxe4 19. fxe4 {[#]} Rxf1+ $1 20. Rxf1 Bxb5 $17) 17... gxh5 18. exf5 Bxf5 {[%cal Oe5e4] Hoping for ...e4!} 19. Nce4 ({White should try} 19. Bxb5 $15 Rb8 20. Nde4) 19... Qd7 (19... Nc7 $19 20. Bxc5 dxc5) 20. Qe2 (20. Rc1 $17) 20... Rab8 $19 21. Bxc5 Nxc5 ({Stronger than} 21... dxc5 22. d6 $17) 22. Qe3 Qf7 23. b4 (23. Nxd6 {might work better.} Qxd5 24. Nxf5 Rxf5 25. Rh1) 23... Nxe4 24. fxe4 Bg4 25. Be2 Qf4 26. Qg3 (26. Nf1 {was worth a try.}) 26... Qxg5 {Black is clearly winning.} 27. Bxg4 {Bf5 is the strong threat.} Bh6 {[%csl Gh6][%cal Rg5d2][%mdl 64] [#] Zwischenzug} ({And not} 27... Qxg4 28. Qxg4 hxg4 29. Rxg4 $17) 28. O-O-O hxg4 29. Qxg4 Qxg4 30. Rxg4 Rf2 31. Kc2 axb4 {White must now prevent ...Rc8+.} 32. axb4 Ra8 {Weighted Error Value: White=0.47/Black=0.07 (flawless)} 0-1

[Event "4NCL 2021-22"]
[Site "England"]
[Date "2022.02.13"]
[Round "4.18"]
[White "Adair, James R"]
[Black "Jones, Steven A"]
[Result "1-0"]
[WhiteElo "2444"]
[BlackElo "2215"]
[Annotator "TA"]
[PlyCount "79"]
[EventDate "2021.11.27"]
[EventType "team-tourn"]
[EventCountry "ENG"]
[SourceTitle "playchess.com"]
[Source "ChessBase"]
[SourceQuality "1"]

{[%evp 19,79,34,37,25,31,31,37,38,52,45,59,54,95,87,97,92,97,57,114,18,50,47,130,125,132,131,149,139,128,140,131,105,107,107,109,100,112,106,142,113,123,115,115,115,202,119,566,94,92,71,112,92,93,91,544,99,753,768,712,659,758,754]} 1. d4 Nf6 2. c4 g6 3. g3 Bg7 4. Bg2 O-O 5. Nc3 d6 6. Nf3 Nc6 7. O-O a6 8. b3 Rb8 9. d5 Na5 10. Bd2 c5 11. dxc6 {E63: King's Indian: Fianchetto: Panno Variation with 7...a6.} Nxc6 12. Rc1 Bd7 13. Ne1 {[#] White is slightly better.} Re8 $146 ({Predecessor:} 13... Ne5 14. Nc2 h5 15. h4 Qc8 16. Ne3 Bh3 17. Ncd5 Nxd5 18. Nxd5 Re8 19. Bg5 Bxg2 20. Kxg2 {1-0 (36) Kryakvin,D (2567)-Matinian,N (2454) Cheliabinsk 2022}) 14. Nd3 b6 15. Nd5 (15. Bf4 {feels hotter.} h6 16. Nd5 h5 17. Qd2 a5 18. Bg5) 15... e6 (15... a5 $14) 16. Nxf6+ $1 $16 Bxf6 17. Nb4 Qc8 18. Be1 Rd8 {[#]} (18... Bb2 $14) 19. Nc2 (19. Qxd6 $6 Be7 $1 20. Qxc6 Bxc6 21. Nxc6 Rd7 $11) ({Better is} 19. Nd5 $1 $16 {[%cal Rd5f6][%mdl 512]} Be5 20. Bc3 $1) 19... Be8 20. Ne3 Qc7 {[#]} ({Black should play} 20... Qb7 $14) 21. Nd5 $1 {[%mdl 512]} exd5 22. cxd5 {[%cal Bc4d5,Bd5c6][%mdl 32]} Rbc8 {[%cal Oc7e7]} 23. dxc6 d5 24. Bh3 (24. Bxd5 Bxc6 25. e4 (25. Rxc6 Qxc6 26. e4 Qc2 $15) 25... Qd6 $14) 24... Ra8 25. Bc3 Bxc3 26. Rxc3 Rd6 27. Qd4 Bxc6 28. Rfc1 {White is more active.} Rad8 29. Bg4 Qb7 30. h4 h5 31. Bf3 Re6 (31... b5 $16 32. e3 Qd7) 32. R1c2 (32. e4 $1 $18) 32... Rdd6 $2 {[%mdl 8192] [#]} (32... b5 $16 33. e3 Red6) 33. Qf4 $2 (33. Rxc6 $1 $18 {[%mdl 512] Intending Rc8+ and mate.} Rxc6 34. Qxd5) 33... Qe7 34. Qb4 {[%cal Oc3c6] Threatens to win with Rxc6!} Qb7 (34... Qf6 $142) 35. e3 (35. Rxc6 {is interesting.} Rxc6 36. Bxd5 Qc8 37. Bxe6 Qxe6 38. Rd2) 35... a5 36. Qd4 {[%cal Oc3c6] Black must now prevent Rxc6!} Rf6 $2 {[%mdl 8192] [#]} (36... Qb8 $16) 37. Bg2 $2 (37. Rxc6 $1 $18 {[%mdl 512] and the rest is easy. aiming for Rc7.} Rxc6 38. Qxd5 (38. Bxd5 Rxc2 39. Bxb7 Rfxf2 $18)) 37... Rfe6 $2 {[%mdl 8192] [#]} (37... Qb8 $16 38. a3 Kh7) 38. Rxc6 $1 $18 {[%mdl 512] White is clearly winning.} Rxc6 39. Qxd5 ({Not} 39. Bxd5 Qc8 40. Bxc6 (40. Bxe6 Qxe6 41. Rxc6 Qxc6 $16) 40... Rxc6 $16) 39... Red6 {[#]} 40. Qxd6 $1 {[%mdl 512] Weighted Error Value: White=0.67/Black=0.66} 1-0

[Event "4NCL 2021-22"]
[Site "England"]
[Date "2022.02.13"]
[Round "4.19"]
[White "Cooper, John G"]
[Black "Wells, Peter K"]
[Result "0-1"]
[WhiteElo "2234"]
[BlackElo "2379"]
[Annotator "TA"]
[PlyCount "82"]
[EventDate "2021.11.27"]
[EventType "team-tourn"]
[EventCountry "ENG"]
[SourceTitle "playchess.com"]
[Source "ChessBase"]
[SourceQuality "1"]

{[%evp 14,82,-10,-10,-17,-18,-18,-25,-24,-11,-17,-14,-12,-14,-9,-8,-6,-15,-15,-41,0,0,2,-6,16,-199,-31,-33,-60,-239,-117,-116,-122,-116,-102,-95,-121,-106,-49,-112,-104,-100,-45,-51,-14,-64,-23,-47,-45,-50,-11,-20,0,0,0,0,0,0,0,-11,-3,-3,-3,-382,-354,-543,-525,-531,-535,-510,-507]} 1. Nf3 c5 2. g3 Nc6 3. Bg2 g6 4. c4 Bg7 5. Nc3 e6 6. O-O Nge7 7. d3 O-O 8. Be3 d6 {has lost popularity (8...b6). A37: Symmetrical English vs ...g6: 4 Bg2 Bg7 5 Nf3.} 9. Qc1 Nf5 10. Bd2 Rb8 {Black has an edge.} 11. Rb1 a6 12. a3 {[#]} b5 $146 ({Predecessor:} 12... Bd7 13. b4 cxb4 14. axb4 b5 15. Qa3 bxc4 16. dxc4 Qc8 17. e3 Ne5 18. Nxe5 Bxe5 {0-1 (61) Krakovsky,P (1638)-Palka,M (1846) Skalica 2021}) 13. cxb5 axb5 14. b4 cxb4 15. axb4 Bd7 16. g4 Nh4 (16... Nfe7 $15) 17. Nxh4 $11 Qxh4 18. h3 h6 {Prevents Bg5.} 19. Ne4 $2 {[#]} (19. Bf4 $11 {and White has nothing to worry.}) 19... Nd4 $2 ({Better is} 19... f5 $1 $19 {[%cal Rf5e4]} 20. gxf5 (20. Nxd6 $2 Nd4 $19) 20... gxf5) 20. Qd1 $1 $15 f5 $36 {[%mdl 2048] Black has the initiative.} 21. gxf5 ({White should play} 21. e3 $15) 21... gxf5 ({Not} 21... Nxf5 22. e3 $15) (21... exf5 $19 22. e3 (22. Nxd6 $2 Rb6 $19) 22... fxe4 23. exd4 exd3 24. Qb3+ Kh7) 22. e3 $17 fxe4 23. exd4 Bxd4 24. Qg4+ Qxg4 {The board is on fire.} 25. hxg4 Kg7 ({Black should try} 25... exd3 $17 26. Rbd1 Kg7) 26. dxe4 (26. Bxe4 $15 e5 27. Be3) 26... e5 27. g5 {[#]} hxg5 {Black is much more active.} (27... h5 $1 $17 {And now ...h4 would win.} 28. Be3 Bxe3 29. fxe3 Bg4) 28. Bxg5 $15 Rf7 {Hoping for ...Rg8.} 29. Rb3 (29. Be3 $11) 29... Rc8 (29... Rg8 $15 {should be considered.} 30. Be3 Be6) 30. Be3 Be6 31. Ra3 Rc3 32. Rfa1 Rxe3 33. fxe3 Bxa1 34. Rxa1 $11 {[%mdl 4096] Endgame KRB-KRB} Bc4 35. Ra6 Rf6 36. Ra7+ Kh6 37. Rd7 Kg5 38. Bh3 $2 {[%mdl 8192]} (38. Rh7 $11) 38... Rf3 $1 $19 {[%csl LRe3,LRh3]} 39. Bf5 (39. Rg7+ $142 Kf6 40. Bg2 Rxe3 41. Rd7) 39... Rxe3 {[%cal Od6d5] Threatens to win with ...d5! Black is clearly winning.} 40. Rxd6 Rb3 41. Kf2 Kf4 {Weighted Error Value: White=0.50/Black=0.21 (precise)} 0-1

[Event "4NCL 2021-22"]
[Site "England"]
[Date "2022.02.13"]
[Round "4.20"]
[White "Chow, Samuel"]
[Black "Redmond, John P."]
[Result "1/2-1/2"]
[WhiteElo "2400"]
[BlackElo "2210"]
[Annotator "NA"]
[PlyCount "44"]
[EventDate "2021.11.27"]
[EventType "team-tourn"]
[EventCountry "ENG"]
[SourceTitle "playchess.com"]
[Source "ChessBase"]
[SourceQuality "1"]
[TimeControl "40/6000+30:3000+30"]

1. d4 {[%emt 0:00:08]} d5 {[%emt 0:00:37]} 2. c4 {[%emt 0:00:23]} e6 {[%emt 0:00:12]} 3. Nf3 {[%emt 0:00:40]} Nf6 {[%emt 0:00:10]} 4. Nc3 {[%emt 0:00:38]} c5 {[%emt 0:00:24]} 5. cxd5 {[%emt 0:01:09]} cxd4 {[%emt 0:00:14]} 6. Qxd4 {[%emt 0:01:20]} exd5 {[%emt 0:00:10]} 7. e4 {[%emt 0:01:03]} dxe4 {[%emt 0:00:21]} 8. Qxd8+ {[%emt 0:00:51]} Kxd8 {[%emt 0:00:07]} 9. Ng5 {[%emt 0:00:19]} Be6 {[%emt 0:00:12]} 10. Nxe6+ {[%emt 0:01:21]} fxe6 {[%emt 0:00:08]} 11. Bg5 {[%emt 0:01:05]} Ke8 {[%emt 0:00:38]} 12. Bb5+ {[%emt 0:01:15]} Kf7 {[%emt 0:12:38]} 13. O-O $11 {[%emt 0:01:20]} Be7 {[%emt 0:11:01]} 14. Rad1 {[%emt 0:14:02]} Na6 {[%emt 0:18:40]} 15. Bxf6 {[%emt 0:12:49]} gxf6 {[%emt 0:00:30]} 16. Nxe4 {[%emt 0:00:18]} Rhd8 {[%emt 0:03:19]} 17. Rfe1 {[%emt 0:06:08]} f5 {[%emt 0:16:55]} 18. Ng3 {[%emt 0:04:34]} Bb4 {[%emt 0:06:09]} 19. Rf1 {[%emt 0:10:47]} Bd2 {[%emt 0:06:58]} 20. Bc4 {[%emt 0:01:25]} Kf6 {[%emt 0:01:16]} 21. Nh5+ {[%emt 0:03:58]} Kg6 {[%emt 0:00:27]} 22. Ng3 {[%emt 0:00:55]} Kf6 {[%emt 0:00:08]} 1/2-1/2

[Event "4NCL 2021-22"]
[Site "England"]
[Date "2022.02.13"]
[Round "4.21"]
[White "Kett, Tim"]
[Black "Camacho Collados, Jose"]
[Result "0-1"]
[WhiteElo "2136"]
[BlackElo "2400"]
[Annotator "TA"]
[PlyCount "90"]
[EventDate "2021.11.27"]
[EventType "team-tourn"]
[EventCountry "ENG"]
[SourceTitle "playchess.com"]
[Source "ChessBase"]
[SourceQuality "1"]

{[%evp 9,90,0,0,0,0,0,0,-7,-3,0,-1,-28,19,18,63,47,58,0,0,0,42,46,81,92,191,177,241,243,270,262,239,126,147,73,160,172,204,181,258,254,212,115,120,112,108,95,116,4,5,6,26,27,27,0,130,0,0,0,0,0,0,-95,-95,-95,-112,-179,-167,-230,-227,-246,-221,-564,-547,-902,-770,-1908,-1037,-12839,-2089,-1999,-1288,-12843,-12843]} 1. e4 c6 2. d4 d5 3. e5 c5 4. dxc5 e6 5. a3 Bxc5 6. b4 {B12: Caro-Kann: Advance Variation.} Be7 7. Qg4 g6 8. Nf3 {The position is equal.} a5 9. bxa5 ({Reject} 9. Bb5+ Bd7 10. Bxd7+ Nxd7 $15) 9... Nc6 {With the idea ...f6.} 10. Bd3 {[#]} Qxa5+ $146 (10... Nf6 $142 $1 11. exf6 Bxf6) ({Predecessor:} 10... Nf6 11. exf6 Bxf6 12. Bg5 h6 13. Bxf6 Qxf6 14. c3 e5 15. Qh4 g5 16. Qa4 Rxa5 {½-½ (37) Saenz Ramos,J-Hoekstra,I (2142) ICCF email 2017}) 11. Bd2 $11 Qc7 (11... Qd8 $11) 12. O-O $1 $14 f6 $1 (12... Nxe5 $2 13. Nxe5 Bf6 14. f4 $18) 13. Nc3 (13. Qh3 $1 $14) 13... fxe5 $11 14. Nb5 Qd7 (14... Qb8 $1 $11 {is more appropriate.}) 15. Qg3 $14 Bf6 16. Ng5 $36 {[%cal Og5e6][%mdl 2048] White has strong initiative.} Bxg5 (16... Qe7 $16) 17. Bxg5 $18 ({Don't play} 17. Qxg5 $6 Qe7 $14) 17... Nge7 (17... Ra4 $142) 18. f4 $1 Nd4 19. Nxd4 exd4 20. Bf6 (20. f5 $1 $18 {[%cal Rf5e6]} gxf5 21. Rae1) 20... O-O 21. Bxd4 {A strong pair of Bishops.} (21. Qh4 $142 $1 Rf7 22. Rf3 (22. Bxd4 Qd6 $14)) 21... Qa4 ({Black should play} 21... Ra4 22. Be5 b6) 22. c3 $1 $16 {[%cal Of4f5]} Nc6 23. Be5 {[%cal Od3g6] Strongly threatening Bxg6!} Nxe5 (23... b5 $142 24. Bxg6 Qa7+ 25. Kh1 Nxe5 26. fxe5 Qg7) 24. fxe5 $18 {[%cal Od3g6] White wants to mate with Bxg6!} Qe8 25. Rxf8+ (25. h4 $1 $18) 25... Qxf8 $16 26. Rf1 $1 Qh6 27. Qf2 Qg7 {To avoid Qf7+} 28. Qc5 (28. Qb6 $16 {White threatens Qd8+ and mate.} Bd7 29. Qxb7) 28... Bd7 $11 29. Rf6 Re8 30. h3 Qe7 31. Qe3 {[%cal Od3g6] Bxg6! is the strong threat.} (31. Qf2 $5 {[%cal Rd3g6]} Rc8 32. Bxg6 hxg6 33. Rxg6+ Kh7 34. Rf6 $11) 31... Rc8 {[#]} (31... Qxa3 $2 32. Bxg6 $1 Re7 33. Qf4 $1 $18) (31... Rf8 $1 $11) 32. Bxg6 hxg6 33. Rxg6+ Kf7 34. Qh6 Qc5+ 35. Kh1 (35. Kh2 $11 Rf8 36. Rg7+ Ke8 37. Qg5) 35... Rf8 $17 36. Rf6+ Ke8 37. Qg6+ (37. Kh2 $17 {keeps fighting.}) 37... Kd8 $19 38. Qg7 {[#]} (38. h4 $142) 38... Re8 $1 39. Rf7 Bc6 40. h4 $2 (40. Qg3) 40... Qxc3 {Black is clearly winning.} 41. Qg5+ Kc8 {Hoping for ...d4.} 42. h5 d4 43. h6 d3 (43... Qe1+ $142 44. Kh2 d3) 44. Rf1 d2 45. h7 Qd3 {Black used his chance.  Weighted Error Value: White=0.82/Black=0.40} 0-1

[Event "4NCL 2021-22"]
[Site "England"]
[Date "2022.02.13"]
[Round "4.22"]
[White "Han, Yichen"]
[Black "Zeidler, Sven P."]
[Result "1/2-1/2"]
[WhiteElo "2347"]
[BlackElo "2172"]
[Annotator "ChessBase"]
[PlyCount "96"]
[EventDate "2021.11.27"]
[EventType "team-tourn"]
[EventCountry "ENG"]
[SourceTitle "playchess.com"]
[Source "ChessBase"]
[SourceQuality "1"]
[TimeControl "40/6000+30:3000+30"]

1. e4 {[%emt 0:00:02]} Nc6 {[%emt 0:00:05]} 2. Nf3 {[%emt 0:00:15]} d6 {[%emt 0:00:06]} 3. d4 {[%emt 0:00:50]} Nf6 {[%emt 0:00:08]} 4. Nc3 {[%emt 0:00:07]} g6 {[%emt 0:00:05]} 5. Be3 {[%emt 0:03:21]} Bg7 {[%emt 0:05:09]} 6. h3 {[%emt 0:03:58]} O-O {[%emt 0:00:21]} 7. Qd2 {[%emt 0:01:35]} e5 {[%emt 0:02:03]} 8. d5 {[%emt 0:08:01]} Ne7 {[%emt 0:00:52]} 9. g4 {[%emt 0:01:58]} a6 {[%emt 0:15:17]} 10. O-O-O {[%emt 0:09:29]} b5 {[%emt 0:01:22]} 11. a3 {[%emt 0:02:14]} Bd7 {[%emt 0:08:31]} 12. Ne1 {[%emt 0:02:51]} a5 {[%emt 0:17:08]} 13. f3 {[%emt 0:04:29]} b4 {[%emt 0:00:46]} 14. Nb1 {[%emt 0:00:11]} Qb8 {[%emt 0:03:28]} 15. h4 {[%emt 0:12:49]} Qb7 {[%emt 0:10:33]} 16. Bh3 {[%emt 0:08:56]} bxa3 {[%emt 0:04:38]} 17. Nxa3 {[%emt 0:00:30]} Rfb8 {[%emt 0:00:39]} 18. Nd3 {[%emt 0:05:50]} Nfxd5 {[%emt 0:02:05]} 19. Bg5 {[%emt 0:09:15]} Nc8 {[%emt 0:05:20]} 20. c3 {[%emt 0:02:33]} Nf4 {[%emt 0:04:30]} 21. Bxf4 {[%emt 0:07:09]} exf4 {[%emt 0:00:08]} 22. g5 {[%emt 0:01:03]} Ba4 {[%emt 0:03:46]} 23. Rde1 {[%emt 0:02:33]} Ne7 {[%emt 0:04:34]} 24. Nxf4 {[%emt 0:05:53]} Qb3 {[%emt 0:01:08]} 25. Bf1 {[%emt 0:00:52]} Qa2 {[%emt 0:01:10]} 26. Bd3 {[%emt 0:04:12]} Rb3 {[%emt 0:02:13]} 27. Nb1 {[%emt 0:04:13]} Rab8 {[%emt 0:01:18]} 28. Bc4 {[%emt 0:01:04]} Qxb2+ {[%emt 0:05:59]} 29. Qxb2 {[%emt 0:00:06]} Rxb2 {[%emt 0:00:07]} 30. Bd3 {[%emt 0:00:07]} Rf2 {[%emt 0:01:45]} 31. Be2 {[%emt 0:02:02]} Bb5 {[%emt 0:02:02]} 32. c4 {[%emt 0:00:52]} Ba4 {[%emt 0:00:37]} 33. Kd2 {[%emt 0:01:53]} Nc6 {[%emt 0:01:01]} 34. Nd3 {[%emt 0:00:55]} Rg2 {[%emt 0:00:22]} 35. Reg1 {[%emt 0:01:28]} Rxg1 {[%emt 0:00:19]} 36. Rxg1 {[%emt 0:00:02]} Ne5 {[%emt 0:00:53]} 37. Rc1 {[%emt 0:02:15]} Nxd3 {[%emt 0:02:01]} 38. Bxd3 {[%emt 0:00:56]} Bd4 {[%emt 0:00:14]} 39. Be2 {[%emt 0:01:44]} Rb2+ {[%emt 0:01:40]} 40. Kd3 {[%emt 0:01:03]} c5 {[%emt 0:00:29]} 41. Nc3 {[%emt 0:03:04]} Bc6 {[%emt 0:04:03]} 42. Bd1 {[%emt 0:05:33]} Kf8 {[%emt 0:11:09]} 43. Ra1 {[%emt 0:05:12]} a4 {[%emt 0:00:24]} 44. Nxa4 {[%emt 0:02:14]} Rd2+ {[%emt 0:05:42]} 45. Kxd2 {[%emt 0:00:49]} Bxa1 {[%emt 0:00:07]} 46. Nc3 {[%emt 0:01:13]} Ke7 {[%emt 0:00:35]} 47. Nd5+ {[%emt 0:05:27]} Ke6 {[%emt 0:01:06]} 48. f4 {[%emt 0:01:16]} Bxd5 {[%emt 0:03:05]} 1/2-1/2

[Event "4NCL 2021-22"]
[Site "England"]
[Date "2022.02.13"]
[Round "4.23"]
[White "Macfarlane, Donald"]
[Black "Palliser, Richard J D"]
[Result "1-0"]
[WhiteElo "2200"]
[BlackElo "2413"]
[Annotator "TA"]
[PlyCount "77"]
[EventDate "2021.11.27"]
[EventType "team-tourn"]
[EventCountry "ENG"]
[SourceTitle "playchess.com"]
[Source "ChessBase"]
[SourceQuality "1"]

{[%evp 11,77,6,10,-8,0,0,0,1,12,0,27,13,18,0,0,0,7,0,0,0,0,13,12,0,2,0,14,0,22,0,0,-6,-6,-8,29,37,40,34,51,59,95,81,81,85,92,92,375,381,348,368,364,364,566,369,347,342,676,594,645,626,638,631,673,510,29981,29983,29982,29976]} 1. c4 g6 2. Nc3 Bg7 3. g3 Nf6 4. Bg2 O-O 5. e3 e5 6. Nge2 c6 7. d4 {A16: English Opening: 1...Nf6 with ...d5.} exd4 8. Nxd4 d6 9. O-O {The position is equal.} Re8 {[#]} 10. h3 $146 ({Predecessor:} 10. b3 a5 11. Bb2 Na6 12. Qd2 Nc5 13. Rad1 Bg4 14. f3 Bc8 15. e4 Qb6 16. Kh1 {0-1 (53) Godzwon,I (2347)-Temirkanov,D (2282) Chess.com INT 2020}) 10... a5 11. b3 Na6 12. Bb2 Nc5 13. Rb1 Bd7 14. Re1 Qc8 15. Kh2 h5 16. Qc2 Qc7 17. Kg1 Qc8 18. Kh2 Qc7 19. Kg1 Re7 20. a3 Rae8 21. b4 axb4 22. axb4 Nce4 23. Nxe4 Nxe4 24. Ne2 Bxb2 25. Qxb2 Qb6 {[%cal Oe4f2]} 26. Nf4 Bf5 {[%cal Oe4g3]} 27. Ra1 Re5 28. Red1 h4 $2 {[%mdl 8192] [#] This move loses the game for Black.} (28... Qd8 $16 {was worth a try.}) 29. g4 $1 $18 Bc8 30. Bxe4 Rxe4 31. Rxd6 R4e5 (31... Qc7 {keeps fighting.}) 32. c5 Qc7 33. Rad1 {[%cal Of4g6] And now Nxg6! would win.} Qe7 $2 {[#]} (33... Kh7 34. Rf6 Qe7) 34. Rxg6+ $1 {[%mdl 512]} fxg6 (34... Kh7 35. Rgd6) 35. Nxg6 Qg7 36. Nxe5 Bxg4 37. hxg4 {Qa2+ would kill now.} Rxe5 (37... Qxe5 $18 38. Qxe5 Rxe5) 38. Rd8+ Kh7 39. Qc2+ {Weighted Error Value: White=0.13 (very precise) /Black=0.62} 1-0